A költségvetés egyensúlya
Elmentve itt :
| Szerző: | |
|---|---|
| További közreműködők: | |
| Dokumentumtípus: | Szakdolgozat |
| Megjelent: |
1983-10-25
|
| Tárgyszavak: | |
| Online Access: | http://diploma.bibl.u-szeged.hu/20756 |
| LEADER | 00564nta a2200157 i 4500 | ||
|---|---|---|---|
| 001 | dipl20756 | ||
| 005 | 20130314080330.0 | ||
| 008 | 120104s1983 hu om 0|| zxx d | ||
| 040 | |a SZTE Diploma Repozitórium |b hun | ||
| 041 | |a zxx | ||
| 100 | 1 | |a Beke Zoltánné | |
| 245 | 1 | 2 | |a A költségvetés egyensúlya |h [elektronikus dokumentum] / |c Dr. Zoltánné Beke |
| 260 | |c 1983-10-25 | ||
| 650 | 4 | |a Jogi és igazgatási tanulmányok | |
| 700 | 1 | |a nincs megadva |e ths | |
| 856 | 4 | 0 | |u http://diploma.bibl.u-szeged.hu/id/eprint/20756/1/1983_dr_beke_zoltanne_boda_ibolya.pdf |z Dokumentum-elérés |